La jurisdiccin̤ constitucional de la libertad con referencia a los ordenamientos alemǹ, suizo y austriaco

Bibliographic Details
Main Author: Cappelletti, Mauro
Format: Book
Language:Spanish
Published: Per ︢: Palestra, 2010
Subjects:
Online Access:Acceso restringido

MARC

LEADER 00000nam a2200000 a 4500
005 20110708110439.0
007 cr |||||||||||
008 110622s2010 pe |||||| o000 ||spa|c
020 |a 9786124047312 
035 |a 5349 
040 |d vLex 
090 |c 2192  |d 2192 
100 1 |a Cappelletti, Mauro 
245 1 3 |a La jurisdiccin̤ constitucional de la libertad con referencia a los ordenamientos alemǹ, suizo y austriaco  |h [Recurso electrn̤ico] /  |c Mauro Cappelletti 
256 |a Servicio en ln̕ea. 
260 |a Per ︢:  |b Palestra,  |c 2010 
300 |a 1 recurso electrn̤ico (239 p.) 
500 |a Descripcin̤ del recurso: 22 junio 2011 
504 |a Bibliografa̕ p. 227-239 
506 1 |a Contenido solo disponible en los productos indicados  |d vLex Global  |d vLex Global (Academic Edition, excluding Law Schools)  |d vLex Global (U.S. Academic Edition, Law Schools)  |d vLex Global (U.S. Academic Edition, excluding Law Schools)  |d vLex Global (Academic Edition, Law Schools) 
650 0 4 |a Jurisdiccin̤  |z Alemania 
650 0 4 |a Jurisdiccin̤  |z Suiza 
650 0 4 |a Jurisdiccin̤  |z Austria 
650 0 4 |a Derechos polt̕icos 
740 0 |a vLex Libros (Servicio en ln̕ea) 
856 4 0 |z Acceso restringido  |u http://vlex.com/source/jurisdiccion-constitucional-ordenamientos-aleman-suizo-austriaco-5349 
942 |c BOOK